000 00980nam a22003017a 4500
001 BR9902474
003 BR-BrBNA
005 20230928100335.0
007 ta
008 230509b bl.||||| |||| 00| 0 por d
040 _aBR-BrBNA
_bpor
_cBiblioteca Nacional de Agricultura
041 _a(Por)
072 _aE14
090 _ E14 BR9902474
100 1 _aVeloso Filho, F. de A.
110 1 _aUniversidade Estadual de Campinas, SP (Brasil). Inst. de Economia
_0Tese (Doutorado)
_910638
245 1 _aPlanejamento regional e transformacao da agricultura tradicional - licoes da experiencia no Estado do Piaui
260 3 _aCampinas, SP (Brasil):
_c1998.
300 _a179 p.
500 _a46 tables; Bibliography p. 172-179; Summary (Por)
650 _aPlanejamento Regional
650 _aPolitica Agricola
650 _aPolitica de Desenvolvimento
650 _aDesenvolvimento Economico
650 _aPiaui
909 _a202309
_bLucia
_c55
_dLucia Elande
942 _cBK
999 _c60990
_d60990